Studies in Science Education in the Asia-Pacific Region (Record no. 19657)

MARC details
000 -LEADER
fixed length control field 00929nam a2200121Ia 4500
008 - FIXED-LENGTH DATA ELEMENTS--GENERAL INFORMATION
fixed length control field 220616s9999||||xx |||||||||||||| ||und||
245 #0 - TITLE STATEMENT
Title Studies in Science Education in the Asia-Pacific Region
546 ## - LANGUAGE NOTE
Language note English[eng]
650 ## - SUBJECT ADDED ENTRY--TOPICAL TERM
Topical term or geographic name entry element Aik-Ling Tan||Alister Jones||Asia-Pacific||assessment||Cathy Buntting||Chan-Jong Kim||Chee Leong Wong||Chi-Chin Chin||curriculum||Dennis Chun Lok Fung||Education||Frederick Toralballa Talaue||Hsiao-Lin Tuan||Hye-Eun Chu||Hyun Seok Oh||Jeong A Lee||Joanna Oon Jeu Ong||John Loughran||Kok Siang Tan||Manabu Sumida||May May Hung Cheng||Min-Suk Kim||Science||Seung-Urn Choe||Studies||Wheijen Chang||Winnie Wing Mui So||Yau Yuen Yeung||Yu Chen||Yu Liang
700 ## - ADDED ENTRY--PERSONAL NAME
Personal name Cheng, May May Hung||Jones, Alister||Buntting, Cathy
856 ## - ELECTRONIC LOCATION AND ACCESS
Uniform Resource Identifier <a href="https://library.oapen.org/bitstream/20.500.12657/49541/1/9781317510703.pdf||https://library.oapen.org/bitstream/20.500.12657/49541/1/9781317510703.pdf">https://library.oapen.org/bitstream/20.500.12657/49541/1/9781317510703.pdf||https://library.oapen.org/bitstream/20.500.12657/49541/1/9781317510703.pdf</a>
942 ## - ADDED ENTRY ELEMENTS (KOHA)
Koha item type E-Books
Holdings
Withdrawn status Lost status Damaged status Not for loan Home library Current library Date acquired Total Checkouts Date last seen Price effective from Koha item type
        Kerala University of Digital Sciences, Innovation and Technology Knowledge Centre Kerala University of Digital Sciences, Innovation and Technology Knowledge Centre 16/06/2022   16/06/2022 16/06/2022 E-Books